Music Quiz

Random Music or Artist Quiz
Score 0/71 Timer 07:00
1 Play Today
Peak* Artists % Correct
1Katy Perry
99.3%
1Katy Perry ft. Kanye West
99.3%
1Katy Perry
99.3%
4Katy Perry
99.3%
10Snoop Dogg & Wiz Khalifa ft. Bruno Mars
98.5%
1Rihanna ft. Britney Spears
98.4%
3Rihanna ft. Drake
98.1%
9Drake ft. Rihanna
98.1%
1Rihanna ft. Calvin Harris
98%
1Bruno Mars
97.9%
6Bruno Mars
97.9%
7Rihanna
97.9%
4Bruno Mars
97.9%
4Bad Meets Evil ft. Bruno Mars
97.9%
7Rihanna
97.9%
3Bruno Mars
97.9%
1Adele
97.7%
1Adele
97.7%
1Lady Gaga
96.2%
10Lady Gaga
96.2%
3Lady Gaga
96.2%
6Lady Gaga
96.2%
3Britney Spears ft. Nicki Minaj & Ke$ha
95.9%
1Maroon 5 ft. Christina Aguilera
95.2%
9Drake ft. Nicki Minaj
93.7%
1LMFAO ft. Lauren Bennett & GoonRock
91.7%
2LMFAO
91.7%
8Trey Songz ft. Nicki Minaj
91.5%
3Nicki Minaj
91.4%
4P!nk
89%
2P!nk
89%
6JAY-Z & Kanye West
85.4%
3Ke$ha
83%
2CeeLo Green
83%
7Ke$ha
83%
3Jennifer Lopez ft. Pitbull
81%
Peak* Artists % Correct
1Pitbull ft. Ne-Yo, Afrojack & Nayer
77.5%
1Britney Spears
75.1%
7Britney Spears
75.1%
7Pitbull ft. T-Pain
74.9%
10T-Pain ft. Wiz Khalifa & Lily Allen
74.2%
10DJ Khaled ft. Drake, Rick Ross & Lil Wayne
73.7%
3Lil Wayne ft. Drake
73.7%
7The Black Eyed Peas
71.4%
3The Black Eyed Peas
71.4%
6Chris Brown ft. Lil Wayne & Busta Rhymes
70%
1Wiz Khalifa
70%
6Wiz Khalifa
70%
7B.o.B ft. Lil Wayne
67.2%
3Foster the People
66.8%
8Justin Bieber ft. Jaden Smith
65.9%
9Lil Wayne ft. Cory Gunz
65.1%
5Lil Wayne
65%
4Dr. Dre ft. Eminem & Skylar Grey
61%
4Gym Class Heroes ft. Adam Levine
56.6%
10Nelly
55.9%
4David Guetta ft. Usher
55.3%
4Flo Rida
50.9%
10Demi Lovato
49.7%
10Kelly Clarkson
49%
4Enrique Iglesias ft. Ludacris & DJ Frank E
47.1%
10Taylor Swift
42%
8OneRepublic
28%
6Glee Cast
26.7%
7Lady Antebellum
26.2%
7Hot Chelle Rae
25.6%
4Jeremih ft. 50 Cent
24.8%
7Jason Aldean
24.7%
7Far East Movement ft. Ryan Tedder
24.5%
9Lupe Fiasco
21.4%
7Cobra Starship ft. Sabi
19.6%
Remove Ads.
Support Sporcle.
Get the best of Sporcle when you Go Orange. This ad-free experience offers more features, more stats, and more fun while also helping to support Sporcle. Thank you for becoming a member.

You're not logged in!

Compare scores with friends on all Sporcle quizzes.
OR
Log In

Show Comments

Extras

Top Quizzes Today


Score Distribution

Your Account Isn't Verified!

In order to create a playlist on Sporcle, you need to verify the email address you used during registration. Go to your Sporcle Settings to finish the process.

Report this User

Report this user for behavior that violates our Community Guidelines.

Details: